| 000 | 00872nam a2200241Ia 4500 | ||
|---|---|---|---|
| 005 | 20250507130436.0 | ||
| 008 | 008 250505s9999 xx 000 0 chi d | ||
| 020 | _a9788962970074 | ||
| 037 | _aAnnuals, Advances | ||
| 040 |
_aEASL _beng _cEASL |
||
| 041 |
_achi _2eng |
||
| 084 |
_aX7.495, P8 _qEASL |
||
| 100 |
_aLee Dong-Gull _9672196 |
||
| 245 | 0 | _aFinancial industry at a crossroads | |
| 260 |
_aSouth Korea _bSeoul Jimoondang Korea _c2008 |
||
| 300 | _a283p. | ||
| 365 |
_aW _b20,000 |
||
| 490 | _aInsight into korea series Vol.7 | ||
| 650 |
_aKorea - Financial crisis; Korea - Reform and restructuring; Korea - Evolution of financial market; Korea - Institutional development; KEL _9755339 |
||
| 700 |
_aThe Korea Herald Ed.The Korea Institute Of Finance Ed. _9755340 |
||
| 942 |
_cTEXL _hX7.495, P8 |
||
| 999 |
_c1320203 _d1320203 |
||